[Event "World Amateur-ch"]
[Site "Iasi"]
[Date "2013.04.28"]
[Round "7"]
[White "Condurat, Florin Marian"]
[Black "Nagy, Laszlo"]
[Result "1/2-1/2"]
[WhiteElo "1795"]
[BlackElo "1964"]
[PlyCount "68"]
[EventDate "2013.04.22"]
[EventType "swiss"]
[EventRounds "9"]
[EventCountry "ROU"]
[SourceTitle "CBM 154 Extra"]
[Source "ChessBase"]
[SourceDate "2013.06.25"]
[SourceVersion "2"]
[SourceVersionDate "2013.06.25"]
[SourceQuality "1"]

1. d4 Nf6 2. c4 c5 3. Nf3 a6 4. g3 cxd4 5. Nxd4 g6 6. Bg2 Bg7 7. Nc3 Nc6 8. 0-0 Nxd4 9. Qxd4 d6 10. e4 0-0 11. Qd3 Rb8 12. Be3 Be6 13. Nd5 Bxd5 14. cxd5 Nd7 15. Bd4 Bxd4 16. Qxd4 Qb6 17. Qxb6 Nxb6 18. Rac1 Rbc8 19. Bh3 Rxc1 20. Rxc1 Rb8 21. b3 Kf8 22. f4 Ke8 23. Kf2 Nd7 24. Ke3 Kd8 25. Kd4 f6 26. Bg4 Rc8 27. Rxc8+ Kxc8 28. Kc4 Kc7 29. Bxd7 Kxd7 30. Kb4 b6 31. Kc4 Ke8 32. g4 Kf7 33. Kd4 Kg7 34. h4 g5 1/2-1/2

[Event "World Amateur-ch"]
[Site "Iasi"]
[Date "2013.04.27"]
[Round "6"]
[White "Guarin, Daniela"]
[Black "Condurat, Florin Marian"]
[Result "1/2-1/2"]
[WhiteElo "1979"]
[BlackElo "1795"]
[PlyCount "64"]
[EventDate "2013.04.22"]
[EventType "swiss"]
[EventRounds "9"]
[EventCountry "ROU"]
[SourceTitle "CBM 154 Extra"]
[Source "ChessBase"]
[SourceDate "2013.06.25"]
[SourceVersion "2"]
[SourceVersionDate "2013.06.25"]
[SourceQuality "1"]

1. e4 c6 2. d4 d5 3. Nc3 g6 4. Nf3 Bg7 5. Be2 Bg4 6. exd5 cxd5 7. Ne5 Bxe2 8. Qxe2 a6 9. 0-0 Nf6 10. Re1 0-0 11. Na4 e6 12. Nc5 b6 13. Ncd3 Qc7 14. c3 Nc6 15. Bf4 Nxe5 16. Bxe5 Qc4 17. f3 Nd7 18. Bxg7 Kxg7 19. Qe3 b5 20. h4 Qc7 21. h5 Qg3 22. h6+ Kg8 23. Nf4 Qg5 24. Kf2 Rfe8 25. Rh1 Qf5 26. Rae1 Nf6 27. g4 Qg5 28. Kg2 Nd7 29. Kg3 Nb6 30. Qe2 Nc4 31. b3 Nd6 32. Qe5 Qxe5 1/2-1/2

[Event "ROM-ch op"]
[Site "Sarata Monteoru"]
[Date "2011.02.18"]
[Round "9"]
[White "Condurat, Florin Marian"]
[Black "Ardelean, Rusalim Pavel"]
[Result "0-1"]
[WhiteElo "1759"]
[BlackElo "1851"]
[PlyCount "120"]
[EventDate "2011.02.12"]
[EventType "swiss"]
[EventRounds "11"]
[EventCountry "ROU"]
[SourceTitle "EXT 2013"]
[Source "ChessBase"]
[SourceDate "2012.11.22"]
[SourceVersion "1"]
[SourceVersionDate "2012.11.22"]
[SourceQuality "1"]

1. e4 e5 2. Nf3 Nc6 3. Bc4 Bc5 4. d3 h6 5. c3 d6 6. Nbd2 Qf6 7. Nb3 Bb6 8. Be3 Nge7 9. Bxb6 axb6 10. d4 Bg4 11. h3 Bh5 12. Bb5 0-0 13. 0-0 g5 14. Be2 Bg6 15. d5 Nd8 16. Nbd2 Kh7 17. Nh2 Qg7 18. g4 Ng8 19. Re1 Nf6 20. Bf3 Rh8 21. Nhf1 Kg8 22. Ng3 b5 23. c4 c6 24. b3 Nd7 25. Ndf1 bxc4 26. bxc4 Qf6 27. Ne3 Nc5 28. Kg2 Ra3 29. Nef5 Rc3 30. dxc6 bxc6 31. Qxd6 Qxd6 32. Nxd6 Nde6 33. Re3 Nf4+ 34. Kf1 Rc2 35. Be2 Nxh3 36. a4 Nf4 37. a5 Kh7 38. a6 Nxa6 39. f3 Nc7 40. Ra7 Nce6 41. Rb3 Rd8 42. Ndf5 Rc1+ 43. Kf2 Rd2 44. Ne3 Nd4 45. Rb8 Nde6 46. Raa8 Kg7 47. Nef5+ Kf6 48. Nd6 Nxe2 49. Ne8+ Ke7 50. Rb7+ Rd7 51. Rxd7+ Kxd7 52. Nf6+ Kd6 53. Nxe2 Rc2 54. Ke3 Rxc4 55. Kd3 Rb4 56. Kc3 Rb5 57. Kc4 Rc5+ 58. Kd3 Rb5 59. Ra7 Nc7 60. Nc3 Rb2 0-1

[Event "ROM-ch op"]
[Site "Sarata Monteoru"]
[Date "2011.02.17"]
[Round "7"]
[White "Condurat, Florin Marian"]
[Black "Dan, Cristian"]
[Result "0-1"]
[WhiteElo "1759"]
[BlackElo "1983"]
[PlyCount "60"]
[EventDate "2011.02.12"]
[EventType "swiss"]
[EventRounds "11"]
[EventCountry "ROU"]
[SourceTitle "CBM 140 Extra"]
[Source "ChessBase"]
[SourceDate "2011.03.01"]
[SourceVersion "1"]
[SourceVersionDate "2011.03.01"]
[SourceQuality "1"]

1. e4 g6 2. d4 Bg7 3. Nc3 d6 4. Nf3 Nf6 5. h3 0-0 6. Be3 e5 7. Qd2 Nc6 8. 0-0-0 Re8 9. Bd3 exd4 10. Nxd4 Nd7 11. Bb5 Ne7 12. h4 a6 13. Bxd7 Bxd7 14. h5 Bg4 15. f3 Bd7 16. hxg6 fxg6 17. g4 Nc6 18. Qh2 Kf7 19. g5 Ne5 20. Qf4+ Kg8 21. Qh4 Kf7 22. f4 Nc4 23. Bg1 c5 24. f5 cxd4 25. fxg6+ hxg6 26. Rf1+ Bf5 27. Nd5 Rh8 28. Qxh8 Bxh8 29. exf5 Qxg5+ 30. Kb1 Nd2+ 0-1

[Event "ROM-ch op"]
[Site "Sarata Monteoru"]
[Date "2011.02.16"]
[Round "6"]
[White "Sava, Bogdan"]
[Black "Condurat, Florin Marian"]
[Result "1-0"]
[WhiteElo "2153"]
[BlackElo "1759"]
[PlyCount "47"]
[EventDate "2011.02.12"]
[EventType "swiss"]
[EventRounds "11"]
[EventCountry "ROU"]
[SourceTitle "CBM 140 Extra"]
[Source "ChessBase"]
[SourceDate "2011.03.01"]
[SourceVersion "1"]
[SourceVersionDate "2011.03.01"]
[SourceQuality "1"]

1. e4 e5 2. Nf3 Nc6 3. Bc4 Be7 4. d4 exd4 5. 0-0 d6 6. Nxd4 Nf6 7. Nxc6 bxc6 8. Nc3 0-0 9. h3 Nd7 10. Be3 Nb6 11. Bb3 Bf6 12. Bd4 Bxd4 13. Qxd4 c5 14. Qd2 c4 15. Ba4 Nxa4 16. Nxa4 Re8 17. Nc3 Rb8 18. Rab1 f5 19. Rfe1 fxe4 20. Nxe4 d5 21. Ng5 Rxe1+ 22. Rxe1 h6 23. Qxd5+ Qxd5 24. Re8# 1-0

[Event "ROM-ch U14"]
[Site "Voineasa"]
[Date "2010.04.13"]
[Round "8"]
[White "Condurat, Florin Marian"]
[Black "Farcas, Andrei"]
[Result "0-1"]
[WhiteElo "1725"]
[BlackElo "1801"]
[PlyCount "58"]
[EventDate "2010.04.08"]
[EventType "swiss"]
[EventRounds "9"]
[EventCountry "ROU"]
[SourceTitle "EXT 2020"]
[Source "ChessBase"]
[SourceDate "2019.10.17"]
[SourceVersion "1"]
[SourceVersionDate "2019.10.17"]
[SourceQuality "1"]

1. e4 d5 2. exd5 Qxd5 3. Nc3 Qd8 4. Bc4 e6 5. Nf3 Nf6 6. d4 a6 7. Ne2 b5 8. Bd3 Bb7 9. Ng3 c5 10. dxc5 Bxc5 11. 0-0 0-0 12. Bg5 Nbd7 13. Be4 Qb6 14. Bxb7 Qxb7 15. Qe2 h6 16. Be3 Nd5 17. a3 Nxe3 18. fxe3 Qb6 19. Rfe1 Nf6 20. b4 Bd6 21. Nf1 Rac8 22. Rac1 Rc3 23. Ra1 Rfc8 24. Ra2 Qc6 25. Rc1 Qd5 26. Rca1 Bb8 27. Nd4 e5 28. Nf3 Qb7 29. Rd1 Qe4 0-1

[Event "ROM-ch U12 Boys"]
[Site "Voineasa"]
[Date "2008.04.16"]
[Round "7"]
[White "Gheorghiu, Calin"]
[Black "Condurat, Florin Marian"]
[Result "1-0"]
[WhiteElo "743"]
[BlackElo "582"]
[PlyCount "29"]
[EventDate "2008.04.08"]
[EventType "swiss"]
[EventRounds "9"]
[EventCountry "ROU"]
[SourceTitle "EXT 2013"]
[Source "ChessBase"]
[SourceDate "2012.11.22"]
[SourceVersion "1"]
[SourceVersionDate "2012.11.22"]
[SourceQuality "1"]

1. Nf3 d5 2. g3 Nf6 3. Bg2 e6 4. c4 Be7 5. b3 0-0 6. Bb2 c6 7. 0-0 Nbd7 8. d3 Re8 9. Nbd2 c5 10. e4 d4 11. e5 Ng4 12. Qe2 Bg5 13. Nxg5 Qxg5 14. f4 Qh5 15. h3 1-0

[Event "ROM-ch U12 Boys"]
[Site "Voineasa"]
[Date "2008.04.12"]
[Round "2"]
[White "Zaman, Vlad Cezar"]
[Black "Condurat, Florin Marian"]
[Result "0-1"]
[WhiteElo "401"]
[BlackElo "582"]
[PlyCount "32"]
[EventDate "2008.04.08"]
[EventType "swiss"]
[EventRounds "9"]
[EventCountry "ROU"]
[SourceTitle "EXT 2013"]
[Source "ChessBase"]
[SourceDate "2012.11.22"]
[SourceVersion "1"]
[SourceVersionDate "2012.11.22"]
[SourceQuality "1"]

1. e4 e5 2. Nf3 Nc6 3. Bc4 Be7 4. Nc3 Nf6 5. 0-0 d6 6. Ng5 0-0 7. Nxf7 Rxf7 8. Bxf7+ Kxf7 9. Nd5 Nxe4 10. d3 Nf6 11. Nxf6 Bxf6 12. Qh5+ Kg8 13. b3 Be6 14. Re1 Qd7 15. Bb2 Bg4 16. Qxg4 Qxg4 0-1